[Event "HUN-chT Region CSB"]
[Site "Hungary"]
[Date "2022.03.12"]
[Round "7.3"]
[White "Laszlo, Balazs"]
[Black "Remport, Gabor"]
[Result "1/2-1/2"]
[WhiteElo "1693"]
[BlackElo "1779"]
[PlyCount "52"]
[EventDate "2021.11.06"]
[EventType "team-swiss"]
[EventRounds "10"]
[EventCountry "HUN"]
[SourceTitle "EXT 2023"]
[Source "ChessBase"]
[SourceDate "2022.10.05"]
[SourceVersion "1"]
[SourceVersionDate "2022.10.05"]
[SourceQuality "1"]
[WhiteTeam "Tatabanya II"]
[BlackTeam "Asvanyraro Szigetkoezi"]
[WhiteTeamCountry "HUN"]
[BlackTeamCountry "HUN"]

1. e4 c5 2. Nf3 d6 3. Bc4 e6 4. Nc3 Nf6 5. d3 a6 6. a4 Be7 7. 0-0 0-0 8. e5 Ng4 9. exd6 Qxd6 10. h3 Nf6 11. Bg5 Nbd7 12. Qd2 Qc7 13. Bf4 Bd6 14. Bxd6 Qxd6 15. a5 Re8 16. Rfe1 b5 17. axb6 Bb7 18. Ne4 Nxe4 19. dxe4 Qxd2 20. Nxd2 Nxb6 21. Bd3 a5 22. Nc4 Nxc4 23. Bxc4 Red8 24. f3 Rd4 25. b3 Bc6 26. c3 Rd7 1/2-1/2

[Event "HUN-chT2 Breyer 1718"]
[Site "Hungary"]
[Date "2017.09.24"]
[Round "1.11"]
[White "Laszlo, Balazs"]
[Black "Vorosvacki, Andras"]
[Result "1-0"]
[WhiteElo "1319"]
[BlackElo "1501"]
[PlyCount "33"]
[EventDate "2017.09.24"]
[EventType "team-tourn"]
[EventRounds "11"]
[EventCountry "HUN"]
[SourceTitle "EXT 2021"]
[Source "ChessBase"]
[SourceDate "2020.10.23"]
[SourceVersion "1"]
[SourceVersionDate "2020.10.23"]
[SourceQuality "1"]
[WhiteTeam "Kisber Aszar"]
[BlackTeam "Nyergesujfalu"]
[WhiteTeamCountry "HUN"]
[BlackTeamCountry "HUN"]

1. e4 c5 2. Nf3 Nc6 3. Nc3 g6 4. Bc4 Bg7 5. d3 d6 6. h3 Nf6 7. 0-0 0-0 8. Bf4 a6 9. a4 Bd7 10. Qd2 Na5 11. Ba2 Qe8 12. Bh6 Bxh6 13. Qxh6 e6 14. Ng5 Kh8 15. e5 dxe5 16. Nce4 Nxe4 17. Qxh7# 1-0

[Event "HUN-ch U10"]
[Site "Balatonlelle"]
[Date "2016.06.26"]
[Round "4"]
[White "Simon, Milan Gabor"]
[Black "Laszlo, Balazs"]
[Result "0-1"]
[WhiteElo "1492"]
[BlackElo "1287"]
[PlyCount "162"]
[EventDate "2016.06.24"]
[EventType "swiss"]
[EventRounds "9"]
[EventCountry "HUN"]
[SourceTitle "CBM 173 Extra"]
[Source "ChessBase"]
[SourceDate "2016.08.29"]
[SourceVersion "1"]
[SourceVersionDate "2016.08.29"]
[SourceQuality "1"]

1. e4 e5 2. Nf3 Nc6 3. Bc4 Bc5 4. c3 Nf6 5. d4 exd4 6. e5 Qe7 7. 0-0 Ne4 8. Bd5 Nxf2 9. Rxf2 dxc3 10. Nxc3 Bxf2+ 11. Kxf2 Nxe5 12. Nxe5 Qxe5 13. Qe2 Qxe2+ 14. Nxe2 c6 15. Bf3 d5 16. Be3 Be6 17. Rd1 Ke7 18. Bd4 Rhg8 19. Ke3 g6 20. Rd3 Kd6 21. Rc3 Rge8 22. Kf4 Bf5 23. Bc5+ Kd7 24. Nd4 Be4 25. Ne2 Bxf3 26. Kxf3 Re4 27. Bd4 Rae8 28. Rc2 a6 29. a3 f5 30. g3 g5 31. Rd2 g4+ 32. Kf2 Kd6 33. b4 b5 34. Bc5+ Ke6 35. Bd4 Kd6 36. Bc5+ Kd7 37. Bd4 Ke6 38. Nf4+ Kf7 39. Ne2 Kg6 40. Nf4+ Kg5 41. Ne2 h5 42. Rc2 R8e6 43. Rd2 f4 44. Nxf4 Rxf4+ 45. gxf4+ Kxf4 46. Rd3 h4 47. Be3+ Ke4 48. Rd4+ Kf5 49. Rf4+ Kg5 50. Rf8+ Kg6 51. Rf4 Rf6 52. Rxf6+ Kxf6 53. Kg2 Kf5 54. Bf2 Kg5 55. Be3+ Kf5 56. Bf2 Kf4 57. Bxh4 d4 58. Bf2 d3 59. Kf1 Kf3 60. Ke1 d2+ 61. Kxd2 Kxf2 62. Kd3 Kg2 63. Ke3 Kxh2 64. Kd4 g3 65. Kc5 g2 66. Kxc6 g1Q 67. Kb7 Qe3 68. Kxa6 Qxa3+ 69. Kxb5 Qa8 70. Kc5 Kg3 71. b5 Kf4 72. b6 Ke5 73. Kb5 Kd5 74. Kb4 Qa6 75. Kc3 Qxb6 76. Kd3 Qb3+ 77. Ke2 Ke4 78. Kf2 Qf3+ 79. Kg1 Qe2 80. Kh1 Kf3 81. Kg1 Qg2# 0-1

[Event "HUN-chT2 Breyer 1516"]
[Site "Hungary"]
[Date "2016.04.03"]
[Round "10.12"]
[White "Szavin, Mark Laszlo"]
[Black "Laszlo, Balazs"]
[Result "1-0"]
[WhiteElo "1891"]
[BlackElo "1257"]
[PlyCount "119"]
[EventDate "2015.09.13"]
[EventType "team-tourn"]
[EventRounds "11"]
[EventCountry "HUN"]
[SourceTitle "EXT 2017"]
[Source "ChessBase"]
[SourceDate "2016.10.25"]
[SourceVersion "1"]
[SourceVersionDate "2016.10.25"]
[SourceQuality "1"]
[WhiteTeam "Zsambek"]
[BlackTeam "Kisber Aszar"]
[WhiteTeamCountry "HUN"]
[BlackTeamCountry "HUN"]

1. e4 e5 2. Nf3 Nc6 3. Bb5 a6 4. Ba4 Bc5 5. Bxc6 bxc6 6. 0-0 Qf6 7. d4 exd4 8. e5 Qg6 9. Nxd4 Ne7 10. Nc3 0-0 11. Be3 d6 12. exd6 cxd6 13. Kh1 Bb7 14. f3 Bxd4 15. Bxd4 Nf5 16. Bf2 Rfe8 17. Re1 h6 18. Qd3 Ne7 19. Qxg6 Nxg6 20. Ne4 Rad8 21. Bb6 Rd7 22. Nf6+ gxf6 23. Rxe8+ Kg7 24. Rae1 Ne5 25. f4 Ng6 26. g3 c5+ 27. Kg1 Bc6 28. Ba5 f5 29. Bc3+ Kh7 30. Bf6 Be4 31. c3 d5 32. Rc8 Rd6 33. Be5 Nxe5 34. fxe5 Re6 35. Rxc5 Rxe5 36. c4 Kg6 37. cxd5 Rxd5 38. Rxd5 Bxd5 39. a4 Bb3 40. a5 Bc4 41. b4 Kf6 42. Kf2 Kg5 43. Rc1 Bb5 44. Rc5 Bd3 45. h3 h5 46. Rc8 Kf6 47. Ke3 Bb5 48. Kf4 Ba4 49. Rc5 Bd7 50. b5 Bxb5 51. Rxb5 axb5 52. a6 b4 53. a7 b3 54. a8Q b2 55. Qb7 Kg6 56. Qxb2 f6 57. Qb7 Kh6 58. Kxf5 h4 59. Qf7 hxg3 60. Qg6# 1-0

[Event "HUN-chT2 Breyer 1516"]
[Site "Hungary"]
[Date "2015.10.18"]
[Round "3.12"]
[White "Laszlo, Balazs"]
[Black "Pal, Istvan"]
[Result "0-1"]
[WhiteElo "1219"]
[BlackElo "1551"]
[PlyCount "35"]
[EventDate "2015.09.13"]
[EventType "team-tourn"]
[EventRounds "11"]
[EventCountry "HUN"]
[SourceTitle "CBM 170 Extra"]
[Source "ChessBase"]
[SourceDate "2016.02.25"]
[SourceVersion "1"]
[SourceVersionDate "2016.02.25"]
[SourceQuality "1"]
[WhiteTeam "Kisber Aszar"]
[BlackTeam "Gyor UDSE"]
[WhiteTeamCountry "HUN"]
[BlackTeamCountry "HUN"]

1. e4 c5 2. Nf3 Nc6 3. Bb5 Nf6 4. Nc3 Nd4 5. d3 a6 6. Bc4 b5 7. Bd5 Nxd5 8. Nxd5 e6 9. Nf4 Be7 10. c3 Nc6 11. Qe2 Qc7 12. 0-0 0-0 13. d4 f5 14. e5 g5 15. Nd3 g4 16. Ng5 Qd8 17. f4 h6 18. dxc5 0-1